A Song of Ice and Fire Robert's Rebellion Major Players Quiz Stats

Quiz not verified by Sporcle

Challenge
Share
Tweet
Embed
Score 0/29 Timer 10:00
0 Plays Today
Side Character % Correct
UsurperRobert Baratheon
100%
UsurperJon Arryn
99.8%
UsurperTywin Lannister
99.5%
Iron ThroneJon Connington
99.5%
UsurperEddard Stark
99.1%
UsurperStannis Baratheon
99.1%
UsurperGregor Clegane
99.1%
UsurperHoster Tully
98.6%
UsurperWalder Frey
98.6%
Iron ThroneAerys II Targaryen
98.1%
Iron ThroneRhaegar Targaryen
97.7%
Iron ThroneOberyn Martell
97.4%
Iron ThroneDoran Martell
97.2%
Iron ThroneMace Tyrell
96.7%
Iron ThroneBarristan Selmy
93.7%
Side Character % Correct
Iron ThroneArthur Dayne
92.3%
Iron ThroneRandyll Tarly
87.2%
UsurperHowland Reed
86.5%
UsurperDavos Seaworth
86.2%
Iron ThroneJaime Lannister....
80%
Iron ThroneGerold Hightower
76.9%
Iron ThronePaxter Redwyne
69.2%
UsurperAmory Lorch
65%
Iron ThroneLewyn Martell
56.6%
Iron ThroneOswell Whent
48.7%
Iron ThroneWisdom Rossart
43.8%
Iron ThroneJonothor Darry
33.6%
Iron ThroneOwen Merryeather
24.7%
Iron ThroneQarlton Chelsted
18.6%

You're not logged in!

Compare scores with friends on all Sporcle quizzes.
Sign Up with Email
OR
Log In

You Might Also Like...

Show Comments

Extras

Top Quizzes Today


Score Distribution

Your Account Isn't Verified!

In order to create a playlist on Sporcle, you need to verify the email address you used during registration. Go to your Sporcle Settings to finish the process.